000 00450nam a2200169Ia 4500
003 OSt
005 20260313095633.0
008 211028s2013 xx 000 0 und d
040 _cAIMIT LIBRARY
041 _aeng
100 _aShetty, Prashantha; Castelino, Melissa.
_g101788
_93957
110 _aSuchetha Vijay Kumar
_93958
245 _aBus searcher /
260 _aMangalore
_c2013
710 _aYatra Online Pvt. Ltd
_93959
942 _2ddc
_cPRO
999 _c217408
_d217408